000 00579nam a22001931 4500
001 bimo0000896630
003 OSt
005 20150305104906.0
008 900725s1971 sp spa
040 _cBMC
082 _a813.5
100 1 _aGalbraith, John Kenneth
_d1908-2006
_95560
245 1 3 _aEl triunfo
_b: Novela
_cJohn Kenneth Galbraith ; [traducción, Jesús Pardo]
260 _aEsplugas de Llobregat [Barcelona]
_bPlaza & Janés
_c1971
300 _a204 p.
_c18 cm
490 0 _aRotativa
650 2 4 _917595
_aNovela norteamericana
942 _2ddc
_cBK
_hahoj
999 _c19256
_d19256